[Event "SVE Seniors op 2nd"]
[Site "Eidelstedt"]
[Date "2019.07.31"]
[Round "6"]
[White "Cassens, Erhard Otto"]
[Black "Blumenberg, Walter"]
[Result "0-1"]
[WhiteElo "1852"]
[BlackElo "1925"]
[PlyCount "88"]
[EventDate "2019.07.15"]
[EventType "swiss"]
[EventRounds "7"]
[EventCountry "GER"]
[SourceTitle "EXT 2020"]
[Source "ChessBase"]
[SourceDate "2019.10.17"]
[SourceVersion "1"]
[SourceVersionDate "2019.10.17"]
[SourceQuality "1"]

1. d4 e6 2. c3 d5 3. Bf4 Nf6 4. e3 Be7 5. Nd2 0-0 6. Bd3 Nbd7 7. Bg3 c5 8. f4 Re8 9. Ngf3 Qb6 10. Rb1 Nf8 11. Ne5 Bd7 12. Nxd7 N6xd7 13. Bf2 Qc7 14. 0-0 Rac8 15. Bg3 f5 16. Bb5 a6 17. Be2 cxd4 18. exd4 Bd6 19. Bd3 Nf6 20. Qf3 Ng6 21. h3 Ne4 22. Bxe4 fxe4 23. Qe3 Rf8 24. c4 Bxf4 25. Bxf4 Nxf4 26. cxd5 exd5 27. Rbc1 Qxc1 28. Rxc1 Rxc1+ 29. Kh2 Rc2 30. g3 Nd3 31. Kg1 Rc1+ 32. Kg2 Rf2+ 33. Qxf2 Nxf2 34. Kxf2 Rc2 35. Ke3 Rxb2 36. Nb3 Rxa2 37. Kf4 Ra3 38. Nc5 Rf3+ 39. Ke5 Rxg3 40. Kxd5 e3 41. Nd3 e2 42. Ne1 Rxh3 43. Ke6 Kf8 44. d5 Ke8 0-1

[Event "SVE Seniors op 2nd"]
[Site "Eidelstedt"]
[Date "2019.07.29"]
[Round "5"]
[White "Blumenberg, Walter"]
[Black "Hotze, Kurt"]
[Result "1-0"]
[WhiteElo "1925"]
[BlackElo "1700"]
[PlyCount "66"]
[EventDate "2019.07.15"]
[EventType "swiss"]
[EventRounds "7"]
[EventCountry "GER"]
[SourceTitle "EXT 2020"]
[Source "ChessBase"]
[SourceDate "2019.10.17"]
[SourceVersion "1"]
[SourceVersionDate "2019.10.17"]
[SourceQuality "1"]

1. b4 Nf6 2. Bb2 g6 3. c4 Bg7 4. Nf3 0-0 5. e3 c6 6. d4 e6 7. Nbd2 d5 8. c5 Nbd7 9. Nb3 Re8 10. Be2 Nf8 11. 0-0 N6d7 12. Qc2 f5 13. Ne5 Nf6 14. a4 N8d7 15. f3 Nxe5 16. dxe5 Nd7 17. f4 Rb8 18. Nd4 Nxe5 19. fxe5 Bxe5 20. Nxc6 Bxh2+ 21. Kxh2 Qh4+ 22. Kg1 bxc6 23. Qc3 e5 24. b5 Bd7 25. Bf3 g5 26. Rfd1 g4 27. bxc6 gxf3 28. cxd7 Re7 29. c6 Rg7 30. Rd2 d4 31. exd4 Kh8 32. Qxf3 Rbg8 33. dxe5 Rg3 1-0

[Event "SVE Seniors op 2nd"]
[Site "Eidelstedt"]
[Date "2019.07.24"]
[Round "4"]
[White "Ruider, Thomas"]
[Black "Blumenberg, Walter"]
[Result "1/2-1/2"]
[WhiteElo "1790"]
[BlackElo "1925"]
[PlyCount "74"]
[EventDate "2019.07.15"]
[EventType "swiss"]
[EventRounds "7"]
[EventCountry "GER"]
[SourceTitle "EXT 2020"]
[Source "ChessBase"]
[SourceDate "2019.10.17"]
[SourceVersion "1"]
[SourceVersionDate "2019.10.17"]
[SourceQuality "1"]

1. d4 d6 2. Nf3 Nd7 3. Bf4 c5 4. e3 Ngf6 5. c4 g6 6. Nc3 Bg7 7. Bd3 0-0 8. h3 Re8 9. d5 Qa5 10. 0-0 Nh5 11. Qc2 a6 12. a4 Nf8 13. Bh2 Bd7 14. e4 Qc7 15. Rfe1 Qc8 16. Bf1 Bh6 17. Ne2 e5 18. dxe6 Nxe6 19. Bxd6 Bc6 20. Ng3 Nxg3 21. Bxg3 b6 22. Rad1 Qb7 23. b3 Bg7 24. Rd6 Rad8 25. Rxd8 Nxd8 26. Bd3 Ne6 27. Qe2 Bc3 28. Rc1 Bg7 29. Re1 Bc3 30. Rc1 Nd4 31. Nxd4 cxd4 32. f3 f5 33. e5 Qe7 34. f4 Qa3 35. Qc2 Qc5 36. Be1 Bb4 37. Bxb4 Qxb4 1/2-1/2

[Event "SVE Seniors op 2nd"]
[Site "Eidelstedt"]
[Date "2019.07.15"]
[Round "1"]
[White "Blumenberg, Walter"]
[Black "Berking, Bernhard"]
[Result "1-0"]
[WhiteElo "1925"]
[BlackElo "1627"]
[PlyCount "79"]
[EventDate "2019.07.15"]
[EventType "swiss"]
[EventRounds "7"]
[EventCountry "GER"]
[SourceTitle "EXT 2020"]
[Source "ChessBase"]
[SourceDate "2019.10.17"]
[SourceVersion "1"]
[SourceVersionDate "2019.10.17"]
[SourceQuality "1"]

1. c4 c5 2. Nc3 g6 3. d4 cxd4 4. Qxd4 Nf6 5. e4 Nc6 6. Qd1 Bg7 7. Be2 0-0 8. Nf3 d6 9. h3 Bd7 10. 0-0 Rc8 11. Be3 b6 12. Rc1 Na5 13. b3 Bc6 14. Nd2 Nb7 15. Bf3 Nd7 16. Qc2 Ne5 17. Be2 Qd7 18. Nf3 Nxf3+ 19. Bxf3 Nc5 20. Rfe1 Ne6 21. Rcd1 Qb7 22. Nd5 b5 23. Qd2 bxc4 24. bxc4 Rfe8 25. Qa5 Bxd5 26. cxd5 Nc5 27. Rb1 Qc7 28. Qb5 Rb8 29. Qc6 Qxc6 30. dxc6 Rbc8 31. Bxc5 dxc5 32. Rb7 e6 33. Reb1 Be5 34. Rxa7 Rc7 35. Rbb7 Ree7 36. a4 f5 37. a5 Kf7 38. a6 Kf6 39. Rxc7 Bxc7 40. Rb7 1-0

[Event "Hamburg-ch Seniors 65+"]
[Site "Hamburg"]
[Date "2018.11.04"]
[Round "5"]
[White "Hawranke, Dietrich"]
[Black "Blumenberg, Walter"]
[Result "1-0"]
[WhiteElo "2110"]
[BlackElo "1915"]
[PlyCount "65"]
[EventDate "2018.10.31"]
[EventType "swiss"]
[EventRounds "9"]
[EventCountry "GER"]
[SourceTitle "CBM 189 Extra"]
[Source "ChessBase"]
[SourceDate "2019.06.03"]
[SourceVersion "1"]
[SourceVersionDate "2019.06.03"]
[SourceQuality "1"]

1. d4 e6 2. Nf3 d5 3. c4 Nf6 4. g3 Bb4+ 5. Nbd2 0-0 6. Bg2 c6 7. 0-0 Nbd7 8. Qc2 Bd6 9. e4 Nxe4 10. Nxe4 dxe4 11. Qxe4 Nf6 12. Qc2 Bd7 13. b3 Rc8 14. Bb2 Qe7 15. Ne5 Rfd8 16. Rfe1 Be8 17. Bh3 Ba3 18. Rad1 Bxb2 19. Qxb2 b5 20. Qd2 Rc7 21. Qa5 bxc4 22. bxc4 c5 23. d5 Qd6 24. dxe6 Qxd1 25. Rxd1 Rxd1+ 26. Kg2 Rb7 27. Qxc5 Rd8 28. Qa5 Rdb8 29. c5 fxe6 30. Bxe6+ Kf8 31. c6 Re7 32. c7 Rb5 33. Qxb5 1-0

[Event "Hamburg-ch Seniors 65+"]
[Site "Hamburg"]
[Date "2018.10.31"]
[Round "1"]
[White "Berking, Bernhard"]
[Black "Blumenberg, Walter"]
[Result "0-1"]
[WhiteElo "1607"]
[BlackElo "1915"]
[PlyCount "78"]
[EventDate "2018.10.31"]
[EventType "swiss"]
[EventRounds "9"]
[EventCountry "GER"]
[SourceTitle "CBM 189 Extra"]
[Source "ChessBase"]
[SourceDate "2019.06.03"]
[SourceVersion "1"]
[SourceVersionDate "2019.06.03"]
[SourceQuality "1"]

1. c4 c5 2. Nc3 Nc6 3. Nf3 g6 4. g3 Bg7 5. Bg2 Nh6 6. 0-0 0-0 7. d3 Nf5 8. Rb1 e6 9. Bd2 b6 10. Qc1 Bb7 11. Re1 d5 12. cxd5 exd5 13. e4 dxe4 14. dxe4 Nfd4 15. Bh6 Nxf3+ 16. Bxf3 Qf6 17. Qf4 Qxf4 18. Bxf4 Nd4 19. Bg2 Rad8 20. Rbc1 Rfe8 21. b3 Ba6 22. Kh1 Ne6 23. Be3 Bb7 24. f4 Bd4 25. f5 Bxe3 26. Rxe3 Nd4 27. Rf1 Ba6 28. Rf2 Nxf5 29. Ref3 Nd6 30. Rf4 Bb7 31. h4 f5 32. exf5 Bxg2+ 33. Kxg2 Nxf5 34. Ne4 Kg7 35. Kh3 Rd3 36. h5 Re3 37. hxg6 hxg6 38. Rg4 R8xe4 39. Rxf5 Rxg4 0-1

[Event "Hamburg-ch Seniors 21st"]
[Site "Hamburg"]
[Date "2014.11.05"]
[Round "8"]
[White "Schuett, Ingo"]
[Black "Blumenberg, Walter"]
[Result "0-1"]
[WhiteElo "1751"]
[BlackElo "1856"]
[PlyCount "64"]
[EventDate "2014.10.29"]
[EventType "swiss"]
[EventRounds "9"]
[EventCountry "GER"]
[SourceTitle "EXT 2018"]
[Source "ChessBase"]
[SourceDate "2017.10.13"]
[SourceVersion "1"]
[SourceVersionDate "2017.10.13"]
[SourceQuality "1"]

1. Nf3 d6 2. g3 c5 3. Bg2 Nc6 4. 0-0 g6 5. c3 Bg7 6. d3 Bd7 7. Na3 a6 8. Nc4 b5 9. Ne3 Rb8 10. Nd5 e6 11. Nf4 Nge7 12. e4 e5 13. Ne2 0-0 14. Be3 f5 15. exf5 Nxf5 16. Bg5 Qc7 17. g4 Nh6 18. h3 Nf7 19. Bh4 h6 20. Nh2 g5 21. Bg3 Qb6 22. Qd2 Ne7 23. h4 Ng6 24. hxg5 hxg5 25. Bd5 Nf4 26. Bxf4 exf4 27. Nf3 Qd8 28. Nxf4 gxf4 29. Qxf4 Qf6 30. Qg3 Be6 31. g5 Nxg5 32. Qxg5 Qxg5+ 0-1

[Event "Hamburg-ch Seniors 21st"]
[Site "Hamburg"]
[Date "2014.10.31"]
[Round "4"]
[White "Frackowiak, Stanislaw"]
[Black "Blumenberg, Walter"]
[Result "0-1"]
[WhiteElo "1559"]
[BlackElo "1856"]
[PlyCount "56"]
[EventDate "2014.10.29"]
[EventType "swiss"]
[EventRounds "9"]
[EventCountry "GER"]
[SourceTitle "EXT 2018"]
[Source "ChessBase"]
[SourceDate "2017.10.13"]
[SourceVersion "1"]
[SourceVersionDate "2017.10.13"]
[SourceQuality "1"]

1. d4 f5 2. c4 e6 3. Nc3 Nf6 4. Nf3 d5 5. h3 c6 6. Qb3 Bd6 7. c5 Bc7 8. Bg5 h6 9. Bh4 0-0 10. Ne5 Qe8 11. e3 Nbd7 12. f4 Ne4 13. Nxe4 fxe4 14. Be2 Ba5+ 15. Kd1 Bc7 16. Kd2 Nxe5 17. fxe5 b6 18. cxb6 Bxb6 19. Rhf1 Rb8 20. Qa3 Bd7 21. Be7 Rxf1 22. Rxf1 Qg6 23. Qd6 Ba5+ 24. Kd1 Rxb2 25. Rf8+ Kh7 26. Bg4 Rxg2 27. Bf5 exf5 28. Qxd7 Rd2+ 0-1

[Event "Hamburg-ch Seniors 21st"]
[Site "Hamburg"]
[Date "2014.10.29"]
[Round "1"]
[White "Bartlitz, Heinz"]
[Black "Blumenberg, Walter"]
[Result "1/2-1/2"]
[WhiteElo "1477"]
[BlackElo "1856"]
[PlyCount "77"]
[EventDate "2014.10.29"]
[EventType "swiss"]
[EventRounds "9"]
[EventCountry "GER"]
[SourceTitle "EXT 2018"]
[Source "ChessBase"]
[SourceDate "2017.10.13"]
[SourceVersion "1"]
[SourceVersionDate "2017.10.13"]
[SourceQuality "1"]

1. e4 d6 2. Nf3 e5 3. h3 Be7 4. Be2 Nf6 5. d3 c6 6. Nbd2 0-0 7. 0-0 Qc7 8. Nh2 d5 9. Ng4 Nbd7 10. c3 Nxg4 11. Bxg4 Nf6 12. Bxc8 Raxc8 13. Qe2 Rfe8 14. Nf3 Bd6 15. Nh2 Rf8 16. Bg5 Nd7 17. Qg4 Kh8 18. Rae1 Nc5 19. Qe2 f5 20. exf5 e4 21. Ng4 Nxd3 22. Rb1 Rxf5 23. Be3 h5 24. Bd4 Nf4 25. Qd1 Qf7 26. Nh6 Kh7 27. Nxf7 Rxf7 28. g3 Ne6 29. Qxh5+ Kg8 30. Qg4 Re8 31. Be3 Nc5 32. Bxc5 Bxc5 33. Kg2 Rf3 34. h4 Ref8 35. Qe6+ Kh8 36. h5 Bxf2 37. Rxf2 Rxf2+ 38. Kh3 R2f6 39. Qe7 1/2-1/2

[Event "Hamburg Seniors-ch 20th"]
[Site "Hamburg"]
[Date "2013.11.04"]
[Round "6"]
[White "Gehrke, Rolf"]
[Black "Blumenberg, Walter"]
[Result "1/2-1/2"]
[WhiteElo "1942"]
[BlackElo "1852"]
[PlyCount "38"]
[EventDate "2013.10.30"]
[EventType "swiss"]
[EventRounds "9"]
[EventCountry "GER"]
[SourceTitle "EXT 2015"]
[Source "ChessBase"]
[SourceDate "2014.11.20"]
[SourceVersion "1"]
[SourceVersionDate "2014.11.20"]
[SourceQuality "1"]

1. Nf3 e6 2. d4 f5 3. g3 Nf6 4. Bg2 d5 5. Bf4 Be7 6. Nbd2 0-0 7. e3 Bd7 8. Ne5 Be8 9. Nd3 Nbd7 10. c4 c6 11. b3 Bh5 12. Qc2 Rc8 13. c5 Ne4 14. f3 Nxd2 15. Qxd2 g5 16. Be5 Bf6 17. Bd6 Be7 18. Be5 Bf6 19. Bd6 Be7 1/2-1/2

[Event "Hamburg Seniors op 19th"]
[Site "Hamburg"]
[Date "2012.10.24"]
[Round "1"]
[White "Blumenberg, Walter"]
[Black "Laber, Witalij"]
[Result "1-0"]
[WhiteElo "1888"]
[BlackElo "1462"]
[PlyCount "71"]
[EventDate "2012.10.24"]
[EventType "swiss"]
[EventRounds "9"]
[EventCountry "GER"]
[SourceTitle "EXT 2015"]
[Source "ChessBase"]
[SourceDate "2014.11.20"]
[SourceVersion "1"]
[SourceVersionDate "2014.11.20"]
[SourceQuality "1"]

1. b4 e5 2. a3 Nf6 3. Bb2 d6 4. e3 Be7 5. c4 0-0 6. Be2 Be6 7. Nf3 h6 8. Qc2 Bg4 9. Nc3 c6 10. 0-0 Nbd7 11. Rad1 d5 12. d4 Bxf3 13. Bxf3 e4 14. Be2 Nh7 15. cxd5 Ndf6 16. dxc6 Ng5 17. cxb7 Rb8 18. h4 Nf3+ 19. Bxf3 exf3 20. gxf3 Rxb7 21. Qf5 g6 22. Qh3 Nh5 23. Ne4 Bxh4 24. Rc1 f5 25. Nc5 Re7 26. Qxh4 Qe8 27. Qh2 Rxe3 28. fxe3 Qxe3+ 29. Rf2 Kh7 30. Qe5 Qg5+ 31. Rg2 Qh4 32. Ne6 Rf7 33. d5 Nf6 34. Rh2 Qxh2+ 35. Kxh2 Ng4+ 36. fxg4 1-0

[Event "Hamburg-ch Seniors 18th"]
[Site "Hamburg"]
[Date "2011.10.31"]
[Round "3"]
[White "Krause, Werner"]
[Black "Blumenberg, Walter"]
[Result "1/2-1/2"]
[WhiteElo "1405"]
[BlackElo "1970"]
[PlyCount "41"]
[EventDate "2011.10.29"]
[EventType "swiss"]
[EventRounds "9"]
[EventCountry "GER"]
[SourceTitle "EXT 2015"]
[Source "ChessBase"]
[SourceDate "2014.11.20"]
[SourceVersion "1"]
[SourceVersionDate "2014.11.20"]
[SourceQuality "1"]

1. e4 d6 2. d4 Nf6 3. Nc3 c6 4. Nf3 e6 5. Be2 Be7 6. Be3 0-0 7. 0-0 Qc7 8. d5 Ng4 9. Qd2 Nxe3 10. Qxe3 Qb6 11. Qxb6 axb6 12. Nd2 Bf6 13. Nc4 Bxc3 14. bxc3 exd5 15. Nxb6 Ra5 16. exd5 Bf5 17. dxc6 Nxc6 18. Nc4 Ra7 19. Nxd6 Bxc2 20. Bc4 Na5 21. Bb3 1/2-1/2

[Event "Hamburg-ch MB"]
[Site "Hamburg"]
[Date "2010.05.27"]
[Round "6.7"]
[White "Goetz, Claus"]
[Black "Blumenberg, Walter"]
[Result "1-0"]
[WhiteElo "1828"]
[BlackElo "1994"]
[PlyCount "59"]
[EventDate "2010.05.22"]
[EventType "swiss"]
[EventRounds "9"]
[EventCountry "GER"]
[SourceTitle "EXT 2011"]
[Source "ChessBase"]
[SourceDate "2010.11.26"]
[SourceVersion "1"]
[SourceVersionDate "2010.11.26"]
[SourceQuality "1"]

1. e4 e6 2. d3 d5 3. Nd2 Nf6 4. Ngf3 Be7 5. g3 0-0 6. Bg2 h6 7. 0-0 c5 8. e5 Ne8 9. Re1 Nc6 10. Nf1 Nc7 11. h4 d4 12. c4 dxc3 13. bxc3 b6 14. N3h2 Bb7 15. Qh5 g6 16. Qxh6 Re8 17. Ng4 Bf8 18. Qf4 Bg7 19. Nh6+ Bxh6 20. Qxh6 Qe7 21. Nh2 Qf8 22. Qf4 Red8 23. Ng4 Qg7 24. Nf6+ Kf8 25. h5 Nd5 26. Bxd5 exd5 27. h6 Qh8 28. e6 g5 29. Qxg5 Bc8 30. exf7 1-0

[Event "Hamburg-ch Seniors op 16th"]
[Site "Hamburg"]
[Date "2009.11.04"]
[Round "5"]
[White "Blumenberg, Walter"]
[Black "Mueller, Joerg"]
[Result "0-1"]
[WhiteElo "1925"]
[BlackElo "2053"]
[PlyCount "40"]
[EventDate "2009.10.31"]
[EventType "swiss"]
[EventRounds "9"]
[EventCountry "GER"]
[SourceTitle "EXT 2022"]
[Source "ChessBase"]
[SourceDate "2021.10.06"]
[SourceVersion "1"]
[SourceVersionDate "2021.10.06"]
[SourceQuality "1"]

1. b4 Nf6 2. Bb2 g6 3. c4 Bg7 4. Nf3 0-0 5. e3 d6 6. Be2 c5 7. b5 a6 8. Nc3 axb5 9. Nxb5 Na6 10. 0-0 Bd7 11. Qb3 Bc6 12. d4 d5 13. Rfd1 dxc4 14. Bxc4 Bxf3 15. gxf3 Qc8 16. Bf1 Qc6 17. Bg2 c4 18. f4 cxb3 19. Bxc6 bxc6 20. Nc3 bxa2 0-1

[Event "Hamburg-ch Seniors op 13th"]
[Site "Hamburg"]
[Date "2006.11.03"]
[Round "9"]
[White "Voss, Werner"]
[Black "Blumenberg, Walter"]
[Result "1/2-1/2"]
[WhiteElo "1779"]
[BlackElo "1932"]
[PlyCount "133"]
[EventDate "2006.10.27"]
[EventType "swiss"]
[EventRounds "9"]
[EventCountry "GER"]
[SourceTitle "EXT 2022"]
[Source "ChessBase"]
[SourceDate "2021.10.06"]
[SourceVersion "1"]
[SourceVersionDate "2021.10.06"]
[SourceQuality "1"]

1. e4 e6 2. c4 d5 3. cxd5 exd5 4. exd5 Nf6 5. Bb5+ Nbd7 6. Nc3 Bd6 7. Nf3 0-0 8. 0-0 a6 9. Bxd7 Bxd7 10. d4 Re8 11. Bg5 Bg4 12. Qd3 h6 13. Bh4 Qd7 14. Ne5 Qf5 15. Qxf5 Bxf5 16. Bg3 Rad8 17. Rac1 Nh5 18. Rfe1 g5 19. Nc4 Bf4 20. Ne3 Bg6 21. Rcd1 Kg7 22. Kf1 f5 23. Bxf4 Nxf4 24. g3 Nh5 25. Kg2 Nf6 26. f4 b5 27. a3 gxf4 28. gxf4 Nh5 29. Kf3 Nf6 30. Rg1 Kf7 31. Rde1 Ne4 32. Kg2 Kf6 33. Ncd1 Rg8 34. Kf1 Bh5 35. Rxg8 Rxg8 36. Ng2 Bg4 37. Nde3 Bh3 38. Re2 Rg7 39. Rc2 Nd6 40. Rc6 a5 41. Kf2 h5 42. Ra6 a4 43. Rc6 Re7 44. Nh4 Rg7 45. Nhg2 Re7 46. Nh4 Bg4 47. Nhg2 Kf7 48. Rc2 Ke8 49. Nxg4 hxg4 50. Ne1 Kd8 51. Nd3 Rh7 52. Kg2 Nc4 53. Re2 Rh3 54. Ne5 Ne3+ 55. Kg1 Nxd5 56. Nf7+ Kd7 57. Ne5+ Kc8 58. Rf2 Re3 59. Kg2 Re4 60. Kg3 Rxd4 61. Nf7 Rd3+ 62. Kh4 Nf6 63. Ng5 Re3 64. Rc2 Kb7 65. Rc5 Re2 66. Rxb5+ Kc6 67. Rxf5 1/2-1/2